| 000 | 01118nam a2200289 i 4500 | ||
|---|---|---|---|
| 003 | EG-GICUC | ||
| 005 | 20260406103904.0 | ||
| 008 | 260406s1875 fr ||||fr||| 000 0 ffredd | ||
| 040 |
_aEG-GiCUC _bfre _cEG-GiCUC _dEG-GiCUC _eRda |
||
| 082 | 0 | 4 |
_221 _a341.33 _bTE . B |
| 092 | 0 | 4 | _221 |
| 099 | _aLaw1 11 341.33 TE . B 1875 | ||
| 100 | 1 |
_aTesta, Le Baron I. De _eAuteur |
|
| 245 | 1 | 0 |
_aBibliothèque Diplomatique Recueil Des Traités De La Porte Ottomane : _bAvec Les Puissances Étrangères Depuis Le Premier Traite Conclu, en 1536, Entre Suleyman I Et François I" Jusqu'a Nos Jours. _nTome Quatrième / _cLe Baron I. De Testa. |
| 264 | 2 |
_aParis : _bAmyot, Éditeur Des Archives Diplomatiques, _c1875. |
|
| 300 |
_a281page : _billustration ; _c 24 cm. |
||
| 336 |
_2rda contenu _a texte |
||
| 337 |
_2rda medias _aOrdinateur |
||
| 338 |
_2 transporteur rda _a Ressource en ligne |
||
| 504 | _a | ||
| 546 | _aTexte en français | ||
| 650 | 1 | 4 |
_aDroit international public _2 |
| 651 | 1 | _2 | |
| 856 | 4 | 0 | _uhttps://fll.law.cu.edu.eg/fulltext/bks/B11-09350.pdf |
| 905 | _a50 | ||
| 942 |
_2ddc _cBK _e21 _n0 |
||
| 999 |
_c69261 _d69261 |
||